000 00686nam a2200193Ia 4500
008 151121s9999||||xx |||||||||||||| ||und||
082 _a818/घारे
082 _bHNW-52826
100 _aघारे दीपक
245 _aमराठीतील साहित्यलेणी
260 _b"ग्रंथाली अभिनव वाचक चळवळ, मुंबई।"
260 _c--
300 _a83
600 _aघारे दीपक
630 _aमराठीतील साहित्यलेणी
700 _aघारे दीपक
730 _aमराठीतील साहित्यलेणी
942 _cBOOK
999 _c1236707
_d1236704